| 000 | 00442nam a2200169Ia 4500 | ||
|---|---|---|---|
| 003 | GCL | ||
| 008 | 140319s9999 xx 000 0 eng d | ||
| 040 |
_aGCL / _cGCL |
||
| 082 | 0 | 4 |
_a616.89 _bDA |
| 100 | 1 | _aNEALE, JOHN M | |
| 245 | 1 | 0 |
_aABNORMAL PSYCHOLOGY / _cNEALE, JOHN M |
| 700 | 1 | _aDAVISON, GERALD M. | |
| 260 |
_a[S.N] : _bJOHN WILEY AND SONS. INC ، _c1990 |
||
| 300 | _a646 PP | ||
| 650 | 0 | 4 | _aABNORMAL PSYCHOLOGY |
| 942 |
_2ddc _cBK |
||
| 999 |
_c18836 _d18836 |
||